000 00338nam a2200145Ia 4500
008 191201s2010 xx 000 0 und d
082 _a005.106
_bHUS
100 _aHUGHES, BOB
245 0 _aSoftware Project Management
250 _aEd.5th
260 _aN. Delhi
_bTMH
_c2010
300 _a392
650 _aB.Tech(CSE)
942 _2ddc
_cBK
999 _c4582
_d4582